000 00616nam a22002177a 4500
003 UA-OsUOA
001 129064
007 ta
008 20180216b un ||||| |||| 00| 0 ukr d
100 _aПетраков Я. В.
090 _a330
_bП30
942 _cSA
040 _aUA-OsUOA
_bukr
_cUA-OsUOA
_dUA-OsUOA
245 _aМоделі фінансування вищої освіти в Європі та світі
300 _aС.95
955 _a0
041 _aukr
080 _a330
773 0 _w129059
_tФінанси України
_dК.
_d2017
_g12
650 7 _a330 Економіка взагалі
_2UDC
999 _c416817
_d416817